Los ríos / (Record no. 187686)

MARC details
000 -LEADER
campo de control de longitud fija 00901nam a2200253 i 4500
001 - NÚMERO DE CONTROL
campo de control 187686
003 - IDENTIFICADOR DE NÚMERO DE CONTROL
campo de control ES-MaACL
005 - FECHA Y HORA DE LA ÚLTIMA TRANSACCIÓN
campo de control 20250804010653.0
008 - DATOS DE LONGITUD FIJA--INFORMACIÓN GENERAL
campo de control de longitud fija 180116s1995 sp |||| | spa d
080 ## - NÚMERO DE LA CLASIFICACIÓN DECIMAL UNIVERSAL
Número de la Clasificación Decimal Universal 84-206-0290-6
100 1# - ENTRADA PRINCIPAL--NOMBRE DE PERSONA
Nombre de persona Sáenz Ridruejo, Clemente.
9 (RLIN) 164082
245 14 - MENCIÓN DEL TÍTULO
Título Los ríos /
Mención de responsabilidad, etc. Clemente Sáenz Ridruejo, Miguel Arenillas Parra.
250 ## - MENCION DE EDICION
Mención de edición 1ª ed., 1ª reimp. en "El Libro de Bolsillo".
260 ## - PUBLICACIÓN, DISTRIBUCIÓN, ETC.
Lugar de publicación, distribución, etc. Madrid :
Nombre del editor, distribuidor, etc. Alianza Editorial,
Fecha de publicación, distribución, etc. 1995.
300 ## - DESCRIPCIÓN FÍSICA
Extensión 386 p. :
Otras características físicas il. ;
Dimensiones 18 cm.
490 1# - MENCIÓN DE SERIE
Mención de serie Guía física de España ;
Designación de volumen o secuencia 3
490 1# - MENCIÓN DE SERIE
Mención de serie El libro de bolsillo. Sección geografía ;
Designación de volumen o secuencia 1290
650 #4 - PUNTO DE ACCESO ADICIONAL DE MATERIA--TÉRMINO DE MATERIA
Término de materia o nombre geográfico como elemento de entrada Ríos-
Subdivisión geográfica España.
9 (RLIN) 142267
700 1# - ENTRADA AGREGADA--NOMBRE PERSONAL
Nombre de persona Arenillas Parra, Miguel.
9 (RLIN) 164083
830 0# - PUNTO DE ACCESO ADICIONAL DE SERIE-TÍTULO UNIFORME
Título uniforme Guía física de España ;
Designación de volumen o secuencia 3
9 (RLIN) 192813
830 03 - PUNTO DE ACCESO ADICIONAL DE SERIE-TÍTULO UNIFORME
Título uniforme El libro de bolsillo.
Nombre de parte o sección de la obra Geografía
Designación de volumen o secuencia 1290
9 (RLIN) 219638
852 ## - LOCALIZACIÓN
Ubicación ES-MaACL
Número de control de estantería L-31833
Holdings
Estatus retirado Estado de pérdida Estado de daño No para préstamo Biblioteca de origen Biblioteca actual Ubicación en estantería Fecha de adquisición Fuente de adquisición Total de préstamos Signatura topográfica completa Código de barras Visto por última vez Precio de reemplazo Tipo de ítem Koha
        Biblioteca del Ateneo de Madrid Biblioteca del Ateneo de Madrid Depósito 2 16/01/2018     L-31833 1198265 23/02/2023 23/02/2023 Libro impreso